Soprannomi nazionali di calcio - Asia, Oceania - Statistics

Statistiche generali
  • Questo quiz è stato fatto 13 volte
  • Il punteggio medio è 5 su 14
Statistiche sulle risposte
Soprannome Squadra % Corretto
Samurai Blu Giappone
90%
Socceroos Australia
80%
Dragoni Cina
80%
Al-Annabi ("I Marroni") Qatar
60%
I Figli del Deserto Arabia Saudita
40%
Guerrieri Taeguk Corea del Sud
30%
Merah Putih ("Biancorossi") Indonesia
30%
Tigri blu India
20%
Al-Nashama ("I Valorosi") Giordania
10%
Team Melli Iran
10%
Elefanti da guerra Thailandia
10%
Le Aquile di Qasioun Siria
0%
I Leoni Persiani Tagikistan
0%
L'Italia Asiatica Uzbekistan
0%
Nessun quiz corrispondente trovato
Distribuzione punteggi
Percentuale di utenti per punteggio
Percentile per numero di risposta
I tuoi punteggi nel tempo
Non hai fatto questo quiz